000 00881cam a2200241 4500
001 BIIH000541
008 19961996 spa
020 _a968-7502-08-8
035 _aBIIH000541
050 4 _aF1392
_b.B55 E57 1996
100 1 _aEncuentro de Afromexicanistas (5o. : 1995 : Morelia, Mich.)
245 3 _aEl Rostro colectivo de la nación mexicana /
_ccoord. María Guadalupe Chávez Carbajal ; pról. Gerardo Sánchez Díaz.
260 s _c1996
300 _a p. ;
_c22 cm.
440 0 _aEncuentros ; 1
500 _a2 ejemplares
500 _aMemoria del V Encuentro de Afromexicanistas celebrado en Mo-
500 _arelia, Mich., del 25-27 de octubre de 1995
650 4 _aNegros
_xCondiciones morales y sociales
_xAlocuciones, ensa-
650 4 _ayos, conferencias
700 1 _aChávez Carbajal, María Guadalupe,
_ecoord.
942 _2lcc
_cLIB
999 _c80723
_d80723